2012 F1 Race Winners - Statistics

General Stats
  • This quiz has been taken 65 times
  • The average score is 19 of 20
Answer Stats
Track Team Winner % Correct
Canada McLaren Hamilton
100%
Hungary McLaren Hamilton
100%
Italy McLaren Hamilton
100%
United States McLaren Hamilton
100%
Bahrain Red Bull Vettel
100%
Singapore Red Bull Vettel
100%
Japan Red Bull Vettel
100%
South Korea Red Bull Vettel
100%
India Red Bull Vettel
100%
Malaysia Ferrari Alonso
96%
Europe (Valencia) Ferrari Alonso
96%
Germany Ferrari Alonso
96%
Monaco Red Bull Webber
96%
Great Britain Red Bull Webber
96%
Australia McLaren Button
94%
Belgium McLaren Button
94%
Brazil McLaren Button
94%
China Mercedes Rosberg
93%
Abu Dhabi Lotus Raikkonen
89%
Spain Williams Maldonado
76%
No matching quizzes found
Score Distribution
Percent of People with Each Score
Percentile by Number Answered
Your Score History
You have not taken this quiz